| 000 | 00360nam a2200133Ia 4500 | ||
|---|---|---|---|
| 008 | 211109s9999||||xx |||||||||||||| ||und|| | ||
| 082 |
_a894.8121 _bDEV-I |
||
| 100 | _aDevasia, P M | ||
| 245 | 0 | _aIsrayel Vamsam | |
| 260 |
_bOrientel Press _aPalai _c1986 |
||
| 630 | _xGeneral Stack | ||
| 650 |
_aMALAYALAM LITERATURE _vMALAYALAMPOETRY _xMalayalam |
||
| 942 | _cBOOK | ||
| 999 |
_c16393 _d16393 |
||